Antón Lamazares (Record no. 10701)

MARC details
000 - LÍDER
campo de control de longitud fija 01208nam a2200253Ia 4500
008 - ELEMENTOS DE DATOS DE LONGITUD FIJA - INFORMACIÓN GENERAL
campo de control de longitud fija 0000002000 gw ad 0000000000mul00
090 ## - NÚMERO DE LLAMADA DE TIPO LC LOCALMENTE ASIGNADO (OCLC)
Número de clasificación (OCLC) (R) PSP00 C17a
100 1# - ENTRADA PRINCIPAL - NOMBRE PERSONAL
Nombre de la persona Castro Flórez, Fernando
245 10 - TÍTULO DECLARACIÓN
Título Antón Lamazares
Resto del título : sueño de la casa de las vacas
Declaración de responsabilidad / text Fernando Castro Flórez ; fotografie Cuahtli Gutiérrez
264 ## - AVISO DE PRODUCCIÓN, PUBLICACIÓN, DISTRIBUCIÓN, FABRICACIÓN Y DERECHOS DE AUTOR
Lugar de producción Kíln : Galerie Adriana Schmidt
260 ## - PUBLICACIÓN, DISTRIBUCIÓN
Fecha de publicación 2000
300 ## - DESCRIPCIÓN FÍSICA
Alcance 48 p.
Dimensiones / 21 cm.
500 ## - NOTA GENERAL
Nota general Exposición realizada en Galeríe Adriana Schmidt, Colonia, Alemanía, abril 1 a junio 10 de 2000 y en enero 26 a abril 14 de 2001 \ Incluye cronología del artista \ Texto bilingue : alemán español \ Registro auspiciado por la FGAA. Bogotá
501 ## - Con nota
Con nota Ansprechende tráume, dankbares schauen = Sueños graciosos, visiones agradecidas / Fernando Castro Flórez
600 00 - ENTRADA DE SUJETO AÑADIDO - NOMBRE PERSONAL
Nombre de la persona LAMAZARES, ANTON, 1954/
Subdivisión general TRABAJOS PICTORICOS
650 14 - ENTRADA DE SUJETO AÑADIDO - TÉRMINO TÓPICO
Término tópico o elemento de entrada del nombre geográfico ARTE CONTEMPORANEO ESPAÑOL
650 14 - ENTRADA DE SUJETO AÑADIDO - TÉRMINO TÓPICO
Término tópico o elemento de entrada del nombre geográfico ARTISTAS PLASTICOS ESPAÑOLES EXPOSIONES
650 14 - ENTRADA DE SUJETO AÑADIDO - TÉRMINO TÓPICO
Subdivisión general CATALOGOS
650 14 - ENTRADA DE SUJETO AÑADIDO - TÉRMINO TÓPICO
Subdivisión general EXPOSICIONES
650 14 - ENTRADA DE SUJETO AÑADIDO - TÉRMINO TÓPICO
Término tópico o elemento de entrada del nombre geográfico PINTORES ESPAÑOLES
650 14 - ENTRADA DE SUJETO AÑADIDO - TÉRMINO TÓPICO
Término tópico o elemento de entrada del nombre geográfico PINTURA (TECNICA MIXTA)
650 14 - ENTRADA DE SUJETO AÑADIDO - TÉRMINO TÓPICO
Término tópico o elemento de entrada del nombre geográfico PINTURA ESPAÑOLA
700 1# - ENTRADA AGREGADA - NOMBRE PERSONAL
Nombre de la persona Castro Flórez, Fernando \ Gutiérrez, Cuahtil
Holdings
Estado de retirada Pérdida de estatus Estado dañado No para préstamo Código de recogida Ubicación permanente Ubicación actual Ubicación de las estanterías Fecha de adquisición Número de llamada completo Código de barras Fecha de la última vez que se vio Número de copia Precio efectivo desde Tipo de artículo Koha
        General ArtNexus ArtNexus General 06/09/2022 P-SP-00 C17A 10800 06/09/2022 Ej.1 06/09/2022 Libro

Powered by Koha